[Event "Krasnodar II"]
[Site "Krasnodar"]
[Date "2003.??.??"]
[Round "?"]
[White "Stepovaia, Tatiana"]
[Black "Strelnikov, Oleg"]
[Result "1/2-1/2"]
[WhiteElo "2380"]
[BlackElo "2413"]
[PlyCount "62"]
[EventDate "2003.??.??"]
[EventType "tourn"]
[EventRounds "13"]
[EventCountry "RUS"]
[EventCategory "5"]
[SourceTitle "EXT 2005"]
[Source "ChessBase"]
[SourceDate "2004.11.15"]
[SourceVersion "1"]
[SourceVersionDate "2004.11.15"]
[SourceQuality "1"]

1. e4 c5 2. Nf3 d6 3. d4 cxd4 4. Qxd4 Nc6 5. Bb5 Bd7 6. Bxc6 Bxc6 7. c4 Nf6 8. Nc3 e6 9. 0-0 Be7 10. Qd3 0-0 11. Nd4 Rc8 12. b3 a6 13. Bb2 Qa5 14. a4 Nd7 15. Rfe1 Bf6 16. Rad1 Nc5 17. Qg3 Bxd4 18. Rxd4 e5 19. Rxd6 Nxe4 20. Rxe4 Bxe4 21. h4 Rc6 22. Nxe4 Qe1+ 23. Kh2 Qxe4 24. Bxe5 f6 25. Rd7 Qg6 26. Bd6 Qxg3+ 27. Kxg3 Rfc8 28. c5 b6 29. b4 bxc5 30. bxc5 Rxc5 31. Bxc5 Rxc5 1/2-1/2

[Event "Krasnodar"]
[Site "Krasnodar"]
[Date "2001.??.??"]
[Round "?"]
[White "Poluljahov, Aleksandr"]
[Black "Strelnikov, Oleg"]
[Result "1-0"]
[WhiteElo "2525"]
[BlackElo "2405"]
[PlyCount "87"]
[EventDate "2001.??.??"]
[EventType "tourn"]
[EventRounds "11"]
[EventCountry "RUS"]
[EventCategory "9"]
[SourceTitle "EXT 2003"]
[Source "ChessBase"]
[SourceDate "2002.11.25"]
[SourceVersion "1"]
[SourceVersionDate "2002.11.25"]
[SourceQuality "1"]

1. d4 Nf6 2. c4 d6 3. Nc3 g6 4. e4 Bg7 5. Nge2 c5 6. d5 b5 7. cxb5 a6 8. Ng3 h5 9. Be2 h4 10. Nf1 Qa5 11. Nd2 axb5 12. Bxb5+ Nfd7 13. a4 Ba6 14. Ra3 h3 15. g3 Qb4 16. Rb3 Qd4 17. Qe2 Bh6 18. 0-0 0-0 19. Nc4 Bxc1 20. Rxc1 Ne5 21. Nxe5 Qxe5 22. Bxa6 Nxa6 23. Rb7 Nb4 24. Rd1 Rab8 25. f4 Qf6 26. e5 dxe5 27. fxe5 Qg5 28. Rxb8 Rxb8 29. e6 f5 30. d6 exd6 31. Rxd6 Re8 32. Kf2 f4 33. g4 f3 34. Qe4 Nc2 35. e7 Kg7 36. Qxc2 Qxg4 37. Qe4 Qg2+ 38. Ke3 Qg5+ 39. Kxf3 Rxe7 40. Rxg6+ Qxg6 41. Qxe7+ Kg8 42. Qd8+ Kf7 43. Qc7+ Ke8 44. Qe5+ 1-0

[Event "UKR-chT 7th"]
[Site "Alushta"]
[Date "1999.04.??"]
[Round "10"]
[White "Strelnikov, Oleg"]
[Black "Berezin, Oleg"]
[Result "1-0"]
[WhiteElo "2390"]
[BlackElo "2451"]
[PlyCount "81"]
[EventDate "1999.04.03"]
[EventType "team-swiss"]
[EventRounds "10"]
[EventCountry "UKR"]
[SourceTitle "EXT 2019"]
[Source "ChessBase"]
[SourceDate "2018.10.10"]
[SourceVersion "1"]
[SourceVersionDate "2018.10.10"]
[SourceQuality "1"]
[WhiteTeam "Simferopol Blik"]
[BlackTeam "Donetsk region"]
[WhiteTeamCountry "UKR"]
[BlackTeamCountry "UKR"]

1. e4 c5 2. Nf3 d6 3. d4 cxd4 4. Nxd4 Nf6 5. Nc3 a6 6. g3 e5 7. Nde2 Be7 8. Bg2 Be6 9. 0-0 Nbd7 10. h3 b5 11. Nd5 Bxd5 12. exd5 0-0 13. f4 Qb6+ 14. Kh1 Rac8 15. c3 b4 16. g4 bxc3 17. bxc3 exf4 18. Bxf4 Ne5 19. Nd4 Nfd7 20. Nf5 Qd8 21. Qc2 Re8 22. Be3 Bf8 23. Bd4 g6 24. Ng3 Nxg4 25. Qd3 Nge5 26. Qxa6 f5 27. Qe2 Qg5 28. Qf2 Nd3 29. Qg1 Bg7 30. Bxg7 Kxg7 31. Be4 Kg8 32. Bxd3 Rxc3 33. Rxf5 gxf5 34. Ne4 Qxg1+ 35. Rxg1+ Kf8 36. Nxc3 Re3 37. Bxf5 Nf6 38. Rc1 Nh5 39. Bg4 Nf6 40. Be6 h5 41. a4 1-0

[Event "Kiev-ch"]
[Site "Kiev"]
[Date "1999.??.??"]
[Round "10"]
[White "Kernazhitsky, Leonid"]
[Black "Strelnikov, Oleg"]
[Result "0-1"]
[WhiteElo "2413"]
[BlackElo "2390"]
[PlyCount "80"]
[EventDate "1999.02.??"]
[EventType "swiss"]
[EventRounds "11"]
[EventCountry "UKR"]
[SourceTitle "EXT 2000"]
[Source "ChessBase"]
[SourceDate "1999.11.16"]
[SourceVersion "1"]
[SourceVersionDate "1999.11.16"]
[SourceQuality "1"]

1. e4 c5 2. c3 Nf6 3. e5 Nd5 4. Nf3 Nc6 5. Bc4 Nb6 6. Bb3 d5 7. exd6 c4 8. Bc2 e5 9. d4 exd4 10. Nxd4 Nxd4 11. Qxd4 Qxd6 12. Be3 Be6 13. Nd2 0-0-0 14. Qxd6 Bxd6 15. a4 Rhe8 16. 0-0-0 Bc7 17. a5 Nd7 18. Bxa7 Bd5 19. Nf3 Bxf3 20. gxf3 Re5 21. Bd4 Rxa5 22. Bxg7 Ra1+ 23. Kd2 Nc5+ 24. Bd4 Rxd1+ 25. Rxd1 Ne6 26. Bf5 Rd5 27. Be4 Rb5 28. Kc2 f5 29. Be3 fxe4 30. fxe4 Rh5 31. b3 cxb3+ 32. Kxb3 Rxh2 33. Rd5 h5 34. Rf5 h4 35. Kc4 Rh1 36. Kd5 Nd8 37. e5 h3 38. Rh5 h2 39. Bd4 Bxe5 40. Rxe5 Rd1 0-1

[Event "UKR ol"]
[Site "Alushta"]
[Date "1999.??.??"]
[Round "?"]
[White "Krivoshey, Sergei"]
[Black "Strelnikov, Oleg"]
[Result "0-1"]
[WhiteElo "2451"]
[BlackElo "2390"]
[PlyCount "128"]
[EventDate "1999.05.12"]
[EventType "team"]
[EventRounds "11"]
[EventCountry "UKR"]
[SourceTitle "EXT 2001"]
[Source "ChessBase"]
[SourceDate "2000.11.22"]
[SourceVersion "1"]
[SourceVersionDate "2000.11.22"]
[SourceQuality "1"]

1. Nf3 Nf6 2. c4 g6 3. Nc3 Bg7 4. d4 d6 5. e4 0-0 6. Be2 e5 7. 0-0 Nc6 8. d5 Ne7 9. Ne1 Nd7 10. Be3 f5 11. f3 f4 12. Bf2 g5 13. a4 a5 14. Nd3 b6 15. Be1 Nf6 16. Nf2 h5 17. h3 Ng6 18. Nb5 Nh4 19. b4 axb4 20. Bxb4 g4 21. fxg4 hxg4 22. hxg4 f3 23. Bxf3 Nh5 24. gxh5 Nxf3+ 25. gxf3 Qg5+ 26. Ng4 Bxg4 27. fxg4 Qe3+ 28. Kh2 Rxf1 29. Qxf1 Rf8 30. Qg2 Rf2 31. Ra2 Rxg2+ 32. Rxg2 Qxe4 33. Bd2 Qxc4 34. h6 Bh8 35. g5 e4 36. g6 e3 37. h7+ Kf8 38. Be1 Be5+ 39. Kh3 Qf1 40. Bg3 Qf5+ 41. Kh2 Qh5+ 42. Kg1 Bxg3 43. Rxg3 Qd1+ 44. Kh2 Kg7 45. Rh3 Qc2+ 46. Kh1 Qe4+ 47. Kh2 Qe5+ 48. Kg1 Qg5+ 49. Kh2 Kh8 50. Rg3 Qh5+ 51. Kg1 Qd1+ 52. Kh2 Qc2+ 53. Kh3 Qf5+ 54. Kh2 Qh5+ 55. Kg1 Qd1+ 56. Kh2 Kg7 57. Rh3 Qe2+ 58. Kg1 Qf2+ 59. Kh1 Qf1+ 60. Kh2 Qxh3+ 61. Kxh3 e2 62. Nxc7 e1Q 63. Ne6+ Kxg6 64. h8N+ Kf6 0-1

[Event "Kiev-ch"]
[Site "Kiev"]
[Date "1999.??.??"]
[Round "2"]
[White "Mezheritsky, Yuri"]
[Black "Strelnikov, Oleg"]
[Result "0-1"]
[WhiteElo "2140"]
[BlackElo "2390"]
[PlyCount "109"]
[EventDate "1999.02.??"]
[EventType "swiss"]
[EventRounds "11"]
[EventCountry "UKR"]
[SourceTitle "EXT 2000"]
[Source "ChessBase"]
[SourceDate "1999.11.16"]
[SourceVersion "1"]
[SourceVersionDate "1999.11.16"]
[SourceQuality "1"]

1. Nf3 Nf6 2. c4 g6 3. Nc3 Bg7 4. e3 0-0 5. Be2 d6 6. d4 Nbd7 7. 0-0 e5 8. a3 Re8 9. h3 c6 10. b4 e4 11. Nd2 Nf8 12. Bb2 d5 13. a4 Be6 14. a5 a6 15. Na4 dxc4 16. Nb6 Rb8 17. Bxc4 Bxc4 18. Ndxc4 Ne6 19. Qb3 Nc7 20. Rac1 Nfd5 21. Rfd1 Qe7 22. Ba3 Qe6 23. Na4 Rbd8 24. Nc5 Qc8 25. Qc2 f5 26. Qb3 h6 27. Nb6 Qb8 28. Ncd7 Qa7 29. Bb2 Kh7 30. Rc5 Re7 31. Nxd5 Nxd5 32. Ne5 Qb8 33. Rdc1 Bf8 34. b5 axb5 35. a6 Rxe5 36. dxe5 Bxc5 37. Rxc5 Qa7 38. Rc1 Qxa6 39. Ra1 Qb6 40. e6 Qc5 41. Bd4 Qe7 42. Ra7 c5 43. Qxb5 cxd4 44. Rxb7 Nc7 45. Qe5 Rc8 46. exd4 h5 47. h4 Kg8 48. d5 f4 49. Qxe4 Qf6 50. Qc2 Ra8 51. g3 Nxd5 52. Qe4 fxg3 53. fxg3 Ra1+ 54. Kh2 Qf2+ 55. Qg2 0-1

[Event "Kiev-ch"]
[Site "Kiev"]
[Date "1999.??.??"]
[Round "3"]
[White "Strelnikov, Oleg"]
[Black "Malienko, Alexander"]
[Result "1-0"]
[WhiteElo "2390"]
[BlackElo "2218"]
[PlyCount "97"]
[EventDate "1999.02.??"]
[EventType "swiss"]
[EventRounds "11"]
[EventCountry "UKR"]
[SourceTitle "EXT 2000"]
[Source "ChessBase"]
[SourceDate "1999.11.16"]
[SourceVersion "1"]
[SourceVersionDate "1999.11.16"]
[SourceQuality "1"]

1. d4 Nf6 2. Nf3 g6 3. Bg5 Bg7 4. Nbd2 d5 5. c3 0-0 6. e3 Nbd7 7. Bd3 c5 8. 0-0 b6 9. Ne5 Nxe5 10. dxe5 Ng4 11. Be2 Nxe5 12. f4 Nc6 13. Bf3 f6 14. Bh4 e6 15. Qe2 Ne7 16. e4 Rb8 17. g4 d4 18. Rad1 dxc3 19. bxc3 Qc7 20. f5 e5 21. Qc4+ Kh8 22. Nb3 Bd7 23. Bg3 Bc6 24. Qe6 Rbe8 25. fxg6 Nd5 26. Qf5 hxg6 27. Qxg6 Ne3 28. Qh5+ Kg8 29. Rfe1 Nxd1 30. Bxd1 Qf7 31. Qh3 Bd7 32. Nd2 Be6 33. a3 Rd8 34. Nf3 Rd3 35. Nh4 Rfd8 36. Be2 Rxc3 37. Nf5 Rd2 38. g5 Qd7 39. Bg4 Bxf5 40. Bxf5 Qd4+ 41. Kh1 Rd1 42. Qh7+ Kf8 43. Be6 Rxg3 44. Qg8+ Ke7 45. gxf6+ Kd6 46. Qd8+ Kc6 47. Qe8+ Qd7 48. Bxd7+ Rxd7 49. hxg3 1-0

[Event "UKR ol"]
[Site "Alushta"]
[Date "1999.??.??"]
[Round "?"]
[White "Strelnikov, Oleg"]
[Black "Rakhmangulov, Andrei"]
[Result "1/2-1/2"]
[WhiteElo "2390"]
[BlackElo "2417"]
[PlyCount "27"]
[EventDate "1999.05.12"]
[EventType "team"]
[EventRounds "11"]
[EventCountry "UKR"]
[SourceTitle "EXT 2001"]
[Source "ChessBase"]
[SourceDate "2000.11.22"]
[SourceVersion "1"]
[SourceVersionDate "2000.11.22"]
[SourceQuality "1"]

1. e4 d6 2. d4 Nf6 3. Nc3 g6 4. Be2 Bg7 5. Nf3 0-0 6. 0-0 Bg4 7. Be3 Nc6 8. h3 Bxf3 9. Bxf3 e5 10. dxe5 dxe5 11. Nd5 Nxd5 12. exd5 Nd4 13. Bxd4 exd4 14. Qd3 1/2-1/2

[Event "UKR ol"]
[Site "Alushta"]
[Date "1999.??.??"]
[Round "?"]
[White "Strelnikov, Oleg"]
[Black "Rogovski, Vladimir"]
[Result "1/2-1/2"]
[WhiteElo "2390"]
[BlackElo "2455"]
[PlyCount "115"]
[EventDate "1999.05.12"]
[EventType "team"]
[EventRounds "11"]
[EventCountry "UKR"]
[SourceTitle "EXT 2001"]
[Source "ChessBase"]
[SourceDate "2000.11.22"]
[SourceVersion "1"]
[SourceVersionDate "2000.11.22"]
[SourceQuality "1"]

1. d4 d6 2. e4 Nf6 3. Nc3 g6 4. Bg5 h6 5. Be3 Bg7 6. f3 c6 7. Qd2 b5 8. Nge2 Nbd7 9. g4 b4 10. Nd1 c5 11. Bg2 Rb8 12. 0-0 Bb7 13. a3 a5 14. axb4 axb4 15. dxc5 Nxc5 16. Nf2 h5 17. g5 Nfd7 18. Bd4 Bxd4 19. Nxd4 0-0 20. b3 d5 21. e5 Nxe5 22. Qxb4 Qd6 23. Qd2 Nc6 24. Nxc6 Bxc6 25. f4 d4 26. Bxc6 Qxc6 27. Qxd4 Ne6 28. Qe4 Qc5 29. Ra4 Rfd8 30. Rc4 Qb6 31. Rc6 Qa7 32. Rxe6 fxe6 33. Qxg6+ Kf8 34. Qxh5 Rd2 35. Qh8+ Kf7 36. Qh5+ Kf8 37. f5 exf5 38. g6 Qd4 39. Qxf5+ Ke8 40. Qf7+ Kd7 41. Re1 Qc5 42. g7 Rg8 43. Qe6+ Kc7 44. Qxe7+ Qxe7 45. Rxe7+ Kd6 46. Rf7 Rxc2 47. Ne4+ Ke5 48. Ng5 Rc6 49. Nf3+ Ke4 50. Ng5+ Kd5 51. Kg2 Rg6 52. h4 R8xg7 53. Rf5+ Kd4 54. Kg3 Rb7 55. Rf3 Ke5 56. Re3+ Kf6 57. Rf3+ Kg7 58. Re3 1/2-1/2

[Event "UKR-chT"]
[Site "Alushta"]
[Date "1998.??.??"]
[Round "?"]
[White "Kuzmin, Gennadi P"]
[Black "Strelnikov, Oleg"]
[Result "1/2-1/2"]
[WhiteElo "2580"]
[BlackElo "2360"]
[PlyCount "100"]
[EventDate "1998.??.??"]
[EventType "team"]
[EventRounds "10"]
[EventCountry "UKR"]
[SourceTitle "EXT 2000"]
[Source "ChessBase"]
[SourceDate "1999.11.16"]
[SourceVersion "1"]
[SourceVersionDate "1999.11.16"]
[SourceQuality "1"]

1. e4 e5 2. Nf3 Nf6 3. Nxe5 d6 4. Nf3 Nxe4 5. c4 Be7 6. Nc3 Nxc3 7. dxc3 0-0 8. Bd3 Nd7 9. Qc2 g6 10. Bh6 Re8 11. 0-0-0 Nc5 12. Rde1 Bg4 13. Nd2 Bf6 14. h3 Bd7 15. Nf3 Bc6 16. Be3 Bxf3 17. gxf3 Nxd3+ 18. Qxd3 Re5 19. Rd1 Rf5 20. Rhg1 Rxf3 21. Qe4 Rxh3 22. Qxb7 Rb8 23. Qc6 Qe8 24. Qxe8+ Rxe8 25. c5 Be5 26. Kc2 Rxe3 27. fxe3 dxc5 28. Rd5 Bd6 29. Kd3 f6 30. a3 Kf7 31. b4 cxb4 32. axb4 h5 33. Ra5 Ra8 34. Rb1 h4 35. c4 h3 36. c5 Be5 37. Ke4 h2 38. Kf3 Ke6 39. e4 Rd8 40. Ra6+ Ke7 41. Rxa7 Rd2 42. b5 Rb2 43. Raa1 Rxb5 44. Rxb5 Bxa1 45. Kg2 Be5 46. Ra5 g5 47. Ra6 g4 48. Ra8 g3 49. Kh1 Kd7 50. Ra6 Ke7 1/2-1/2

[Event "UKR-chT"]
[Site "Alushta"]
[Date "1998.??.??"]
[Round "?"]
[White "Zubarev, Alexander2222"]
[Black "Strelnikov, Oleg"]
[Result "1-0"]
[WhiteElo "2435"]
[BlackElo "2360"]
[PlyCount "113"]
[EventDate "1998.??.??"]
[EventType "team"]
[EventRounds "10"]
[EventCountry "UKR"]
[SourceTitle "EXT 2000"]
[Source "ChessBase"]
[SourceDate "1999.11.16"]
[SourceVersion "1"]
[SourceVersionDate "1999.11.16"]
[SourceQuality "1"]

1. c4 e5 2. g3 Nc6 3. Bg2 g6 4. Nc3 Bg7 5. e3 Nf6 6. d3 0-0 7. Nge2 Ne7 8. e4 c6 9. 0-0 d5 10. exd5 cxd5 11. Bg5 d4 12. Bxf6 Bxf6 13. Ne4 Bg7 14. b4 f5 15. Nc5 Qc7 16. f4 a5 17. Qa4 e4 18. Rad1 Nc6 19. a3 Qe7 20. Rfe1 Ra7 21. b5 Qxc5 22. bxc6 bxc6 23. Kh1 exd3 24. Nc1 Ba6 25. Nxd3 Qxc4 26. Qxa5 Qb5 27. Qb4 Rc8 28. Qd6 c5 29. Ne5 Kh8 30. Rb1 Qa5 31. Bd5 Qd8 32. Qe6 Qf8 33. Rb6 Bxe5 34. Qxe5+ Qg7 35. Qe8+ Qf8 36. Qe5+ Qg7 37. Qe6 Qd7 38. Rxa6 Qxe6 39. Raxe6 Rxa3 40. Re8+ Rxe8 41. Rxe8+ Kg7 42. Re1 Rc3 43. Kg2 c4 44. Rd1 d3 45. Kf3 Rc2 46. Ke3 Re2+ 47. Kd4 Rxh2 48. Bxc4 d2 49. Ke3 Rg2 50. Kf3 Rh2 51. Bf1 g5 52. Bg2 h5 53. fxg5 Kg6 54. Rxd2 Kxg5 55. Rd5 Kg6 56. Bh3 f4 57. Bg2 1-0